| 000 | 00969cam a2200301 a 4500 | ||
|---|---|---|---|
| 001 | 4224273 | ||
| 003 | Ke-BoTe | ||
| 005 | 20220520102251.0 | ||
| 008 | 820922s1983 mdua b 001 0 eng | ||
| 010 | _a 82017913 | ||
| 020 | _a0893032336 (pbk.) | ||
| 040 |
_aDLC _cDLC _dDLC |
||
| 050 | 1 | 0 |
_aRT84.5 _b.C664 1983 |
| 060 | _aWY 100 C7445 | ||
| 082 | 0 | 0 |
_a610.73/01 _219 |
| 245 | 0 | 0 |
_aConceptual models of nursing : _banalysis and application / _cedited by Joyce J. Fitzpatrick, Ann L. Whall. |
| 260 |
_aBowie, Md. : _bR.J. Brady Co., _cc1983. |
||
| 300 |
_axi, 339 p. : _bill. ; _c23 cm. |
||
| 504 | _aIncludes bibliographies and index. | ||
| 650 | 0 |
_aNursing _xPhilosophy. _93264 |
|
| 650 | 0 |
_aNursing models. _94201 |
|
| 650 | 2 |
_aNursing process. _93203 |
|
| 650 | 2 |
_aModels, Theoretical. _94004 |
|
| 700 | 1 |
_aFitzpatrick, Joyce J., _d1944- _96104 |
|
| 700 | 1 |
_aWhall, Ann L. _96105 |
|
| 906 |
_a7 _bcbc _corignew _d1 _eocip _f19 _gy-gencatlg |
||
| 942 |
_2lcc _cBK _n0 |
||
| 999 |
_c2965 _d2965 |
||